| 000 | 00390 a2200169 4500 | ||
|---|---|---|---|
| 001 | 189074 | ||
| 020 | _a978-85-16-05665-0 | ||
| 040 | _cMagnum | ||
| 100 | _aAbaurre, Maria Luiza | ||
| 240 | 1 | 0 |
_aProdução de texto _lpor |
| 245 | 1 | 0 | _aProdução de texto |
| 300 | _a360 | ||
| 362 | 0 | _a2008 | |
| 440 | 1 | _aModerna | |
| 697 | _aLÍNGUA, TEORIA DA LITERATURA E GRAMÁTICA | ||
| 942 | _cBK | ||
| 999 |
_c189074 _d189074 |
||